[Event "19. Obert Int. Sant Marti 2017 - B"]
[Site "Barcelona ESP"]
[Date "2017.07.19"]
[Round "7.37"]
[White "Romero Funieles, Rafael"]
[Black "Robaina Bordon, Hector"]
[Result "0-1"]
[WhiteElo "1683"]
[BlackElo "1805"]
[PlyCount "54"]
[EventDate "2017.07.13"]
[EventType "swiss"]
[EventRounds "9"]
[EventCountry "ESP"]
[SourceTitle "Ajedrez en Madrid"]
[Source "lmi"]
[SourceDate "2017.07.13"]
[SourceVersion "1"]
[SourceVersionDate "2019.06.21"]
[SourceQuality "1"]

1. e4 c6 2. Nf3 d5 3. exd5 cxd5 4. c3 Nf6 5. Be2 Nc6 6. h3 Bf5 7. d3 e6 8. Be3
Bd6 9. Nd4 Bg6 10. Qa4 Qd7 11. Nxc6 bxc6 12. Bf3 Bxd3 13. Nd2 O-O 14. c4 Rfb8
15. cxd5 exd5 16. Qd4 Ba6 17. Be2 c5 18. Qh4 Rb4 19. f4 Bxe2 20. Kxe2 Re8 21.
a3 Rxf4 22. g4 d4 23. Nc4 Qb5 24. Ke1 Qxc4 25. Kd1 Rxe3 26. a4 Rd3+ 27. Ke1
Qe6# 0-1

[Event "19. Obert Int. Sant Marti 2017 - B"]
[Site "Barcelona ESP"]
[Date "2017.07.19"]
[Round "7.38"]
[White "Mas Sayos, Lluis"]
[Black "Madrid Sole, Antonio"]
[Result "0-1"]
[WhiteElo "1668"]
[BlackElo "1772"]
[PlyCount "72"]
[EventDate "2017.07.13"]
[EventType "swiss"]
[EventRounds "9"]
[EventCountry "ESP"]
[SourceTitle "Ajedrez en Madrid"]
[Source "lmi"]
[SourceDate "2017.07.13"]
[SourceVersion "1"]
[SourceVersionDate "2019.06.21"]
[SourceQuality "1"]

1. e4 e6 2. d4 d5 3. exd5 exd5 4. Nf3 Nf6 5. Be2 Bd6 6. Bg5 O-O 7. O-O h6 8.
Bh4 Re8 9. Re1 Bf5 10. Nbd2 Nbd7 11. Nf1 c6 12. Bg3 Bf8 13. Ne5 Ne4 14. Bd3
Nxg3 15. Nxg3 Bxd3 16. Nxd3 Qf6 17. Qg4 Nb6 18. b3 Bd6 19. Nf5 Bf8 20. Ne5 g6
21. Re3 Qxf5 22. Qe2 f6 23. g4 Qc8 24. Nxg6 Rxe3 25. fxe3 Qe8 26. Nh4 Qe6 27.
Rf1 Re8 28. Nf5 Nc8 29. Rf3 Nd6 30. Qg2 Nf7 31. h4 Kh7 32. Kh2 Bd6+ 33. Kh3 Rg8
34. Qf2 Bb8 35. c3 Nd6 36. Nxh6 Ne4 0-1

[Event "19. Obert Int. Sant Marti 2017 - B"]
[Site "Barcelona ESP"]
[Date "2017.07.19"]
[Round "7.39"]
[White "Low, Ethan"]
[Black "Bouzas Arcos, Juan Manuel"]
[Result "1-0"]
[WhiteElo "1643"]
[BlackElo "1771"]
[PlyCount "61"]
[EventDate "2017.07.13"]
[EventType "swiss"]
[EventRounds "9"]
[EventCountry "ESP"]
[SourceTitle "Ajedrez en Madrid"]
[Source "lmi"]
[SourceDate "2017.07.13"]
[SourceVersion "1"]
[SourceVersionDate "2019.06.21"]
[SourceQuality "1"]

1. e4 c5 2. Nf3 e6 3. d4 cxd4 4. Nxd4 Nf6 5. Nc3 d6 6. Be3 a6 7. f3 b5 8. g4
Bb7 9. Qd2 Be7 10. O-O-O Nfd7 11. a3 Nb6 12. g5 N8d7 13. f4 d5 14. e5 b4 15.
axb4 Bxb4 16. Qe1 Nc4 17. Bxc4 dxc4 18. Rg1 Qa5 19. Bd2 Nc5 20. Nb1 Bxd2+ 21.
Qxd2 Qb6 22. Nc3 Rd8 23. Qe3 Ke7 24. f5 Rhe8 25. g6 h6 26. f6+ gxf6 27. exf6+
Kd7 28. gxf7 Rf8 29. Nxe6+ Nd3+ 30. Rxd3+ cxd3 31. Qxb6 1-0

[Event "19. Obert Int. Sant Marti 2017 - B"]
[Site "Barcelona ESP"]
[Date "2017.07.19"]
[Round "7.40"]
[White "Gonzalez Canovas, Sebastia"]
[Black "Barrot Farre, Salvador"]
[Result "1/2-1/2"]
[WhiteElo "1657"]
[BlackElo "1771"]
[PlyCount "67"]
[EventDate "2017.07.13"]
[EventType "swiss"]
[EventRounds "9"]
[EventCountry "ESP"]
[SourceTitle "Ajedrez en Madrid"]
[Source "lmi"]
[SourceDate "2017.07.13"]
[SourceVersion "1"]
[SourceVersionDate "2019.06.21"]
[SourceQuality "1"]

1. c4 Nf6 2. Nc3 g6 3. g3 Bg7 4. Bg2 d6 5. Nf3 O-O 6. O-O e5 7. d3 Nc6 8. a3 a5
9. Rb1 Nh5 10. Bd2 f5 11. Bg5 Nf6 12. Nd5 Be6 13. Nxf6+ Bxf6 14. Bxf6 Qxf6 15.
b3 g5 16. e3 f4 17. Nd2 g4 18. Bd5 f3 19. h4 Bxd5 20. cxd5 Ne7 21. Qc1 Rac8 22.
Qc4 h5 23. Ne4 Qf7 24. Ng5 Qxd5 25. Rbc1 c6 26. Rfd1 b5 27. Qe4 Qxe4 28. Nxe4
d5 29. Nc5 Nf5 30. Nd7 Rf7 31. Nxe5 Rfc7 32. Rc5 Ne7 33. Rdc1 Kg7 34. Kf1
1/2-1/2

[Event "19. Obert Int. Sant Marti 2017 - B"]
[Site "Barcelona ESP"]
[Date "2017.07.19"]
[Round "7.41"]
[White "Serra Vilaro, Agustin"]
[Black "Bes Alvarez, Alex"]
[Result "0-1"]
[WhiteElo "1770"]
[BlackElo "1620"]
[PlyCount "96"]
[EventDate "2017.07.13"]
[EventType "swiss"]
[EventRounds "9"]
[EventCountry "ESP"]
[SourceTitle "Ajedrez en Madrid"]
[Source "lmi"]
[SourceDate "2017.07.13"]
[SourceVersion "1"]
[SourceVersionDate "2019.06.21"]
[SourceQuality "1"]

1. d4 d5 2. c3 e6 3. e3 c5 4. Bd3 Nc6 5. f4 Nf6 6. Nd2 Be7 7. Qf3 c4 8. Bc2 Bd7
9. Ne2 b5 10. a3 a5 11. O-O b4 12. axb4 axb4 13. Rxa8 Qxa8 14. Ng3 bxc3 15.
bxc3 Ba3 16. e4 Qa5 17. e5 Ng8 18. f5 Bxc1 19. fxe6 Bxe6 20. Nxc4 Be3+ 21. Nxe3
Qxc3 22. Ne2 Nxd4 23. Nxc3 Nxf3+ 24. gxf3 d4 25. Ra1 Ne7 26. Ra8+ Nc8 27. Ba4+
Kd8 28. Bc6 dxc3 29. Be4 Ke7 30. Ra3 g6 31. Rxc3 h5 32. Rc7+ Kd8 33. Rc6 Re8
34. f4 Ke7 35. Rc7+ Kf8 36. Kf2 Ne7 37. Rc5 Rd8 38. Ke2 Kg7 39. Kf3 Kh6 40. Kg3
Rd2 41. Rc2 Rd7 42. Nc4 Bf5 43. Nd6 Bxe4 44. Nxe4 Nf5+ 45. Kf2 Rd4 46. Re2 Ra4
47. Kg2 Kg7 48. Kf3 Nd4+ 0-1

[Event "19. Obert Int. Sant Marti 2017 - B"]
[Site "Barcelona ESP"]
[Date "2017.07.19"]
[Round "7.42"]
[White "Sagar, Siya"]
[Black "Franzoni Ladron De Guevara, Enric"]
[Result "0-1"]
[WhiteElo "1608"]
[BlackElo "1764"]
[PlyCount "88"]
[EventDate "2017.07.13"]
[EventType "swiss"]
[EventRounds "9"]
[EventCountry "ESP"]
[SourceTitle "Ajedrez en Madrid"]
[Source "lmi"]
[SourceDate "2017.07.13"]
[SourceVersion "1"]
[SourceVersionDate "2019.06.21"]
[SourceQuality "1"]

1. e4 c5 2. Nf3 d6 3. d4 cxd4 4. Nxd4 Nf6 5. Nc3 a6 6. f3 e5 7. Nb3 Be6 8. Be3
Be7 9. Qd2 Qc7 10. O-O-O Nbd7 11. Be2 O-O 12. g4 b5 13. g5 b4 14. Nd5 Nxd5 15.
exd5 Bf5 16. h4 a5 17. Bd3 Bxd3 18. Qxd3 a4 19. Nd2 Rfc8 20. h5 Bxg5 21. Bxg5
Nc5 22. Qc4 b3 23. Kb1 Qb7 24. c3 a3 25. Nxb3 Ra4 26. Qe2 Nxb3 27. axb3 Qxb3
28. Rc1 Rca8 29. Qc2 Qxd5 30. Rhd1 Qb7 31. Rxd6 f6 32. Bh4 axb2 33. Qxb2 Ra1+
34. Kc2 R1a2 35. Qxa2+ Rxa2+ 36. Kd3 Qxf3+ 37. Kc4 Qf4+ 38. Kc5 Qxc1 39. Rd8+
Kf7 40. Rd7+ Ke8 41. Rxg7 Qxc3+ 42. Kd5 Ra5+ 43. Ke6 Ra6+ 44. Kd5 Qc6# 0-1

[Event "19. Obert Int. Sant Marti 2017 - B"]
[Site "Barcelona ESP"]
[Date "2017.07.19"]
[Round "7.43"]
[White "Munoz Lozano, Jorge Manuel"]
[Black "Alcala Gonzalez, Cesar"]
[Result "1/2-1/2"]
[WhiteElo "1759"]
[BlackElo "1557"]
[PlyCount "93"]
[EventDate "2017.07.13"]
[EventType "swiss"]
[EventRounds "9"]
[EventCountry "ESP"]
[SourceTitle "Ajedrez en Madrid"]
[Source "lmi"]
[SourceDate "2017.07.13"]
[SourceVersion "1"]
[SourceVersionDate "2019.06.21"]
[SourceQuality "1"]

1. g3 g6 2. Bg2 Bg7 3. d3 d6 4. e4 c5 5. Nh3 e5 6. O-O Nf6 7. Nc3 Bg4 8. f3 Be6
9. Be3 O-O 10. Ne2 Nc6 11. Qd2 b6 12. f4 Ng4 13. f5 Nxe3 14. Qxe3 Bd7 15. c3 f6
16. Rad1 Ne7 17. d4 Qc7 18. fxg6 hxg6 19. Kh1 f5 20. exf5 Nxf5 21. Qg5 Bc6 22.
d5 Bb5 23. Rd2 Kh7 24. Qg4 Ne3 25. Qh4+ Kg8 26. Ng5 Rxf1+ 27. Bxf1 Bf6 28. Bh3
Qe7 29. Be6+ Kf8 30. Qh6+ Qg7 31. Qh4 Bxg5 32. Qxg5 Nf1 33. Rc2 Bd3 34. Rd2
Nxd2 35. Qxd2 Be4+ 36. Kg1 Ke7 37. g4 Qf6 38. Ng3 Rf8 39. h4 Qf3 40. Nxe4 Qxe4
41. Qg5+ Ke8 42. Bf5 gxf5 43. Qg6+ Kd8 44. Qxd6+ Ke8 45. Qe6+ Kd8 46. Qd6+ Ke8
47. Qe6+ 1/2-1/2

[Event "19. Obert Int. Sant Marti 2017 - B"]
[Site "Barcelona ESP"]
[Date "2017.07.19"]
[Round "7.44"]
[White "Roche Peris, Eduard"]
[Black "Bois D`enghien, Noumea"]
[Result "1-0"]
[WhiteElo "1758"]
[BlackElo "1270"]
[PlyCount "37"]
[EventDate "2017.07.13"]
[EventType "swiss"]
[EventRounds "9"]
[EventCountry "ESP"]
[SourceTitle "Ajedrez en Madrid"]
[Source "lmi"]
[SourceDate "2017.07.13"]
[SourceVersion "1"]
[SourceVersionDate "2019.06.21"]
[SourceQuality "1"]

1. e4 d6 2. d4 Nf6 3. Nc3 g6 4. Nf3 Bg7 5. Be2 O-O 6. O-O b6 7. Bg5 Bb7 8. e5
dxe5 9. dxe5 Nfd7 10. Re1 Re8 11. e6 fxe6 12. Bc4 Nf6 13. Bxe6+ Kh8 14. Ne5 Rf8
15. Nf7+ Rxf7 16. Qxd8+ Rf8 17. Qxc7 Ba6 18. Bxf6 Bxf6 19. Rad1 1-0

[Event "19. Obert Int. Sant Marti 2017 - B"]
[Site "Barcelona ESP"]
[Date "2017.07.19"]
[Round "7.45"]
[White "Zubimendi Felip, Ricard"]
[Black "Fabregas Fontanet, Antonio"]
[Result "0-1"]
[WhiteElo "1625"]
[BlackElo "1903"]
[PlyCount "78"]
[EventDate "2017.07.13"]
[EventType "swiss"]
[EventRounds "9"]
[EventCountry "ESP"]
[SourceTitle "Ajedrez en Madrid"]
[Source "lmi"]
[SourceDate "2017.07.13"]
[SourceVersion "1"]
[SourceVersionDate "2019.06.21"]
[SourceQuality "1"]

1. e4 g6 2. d4 Bg7 3. Nf3 d6 4. Nc3 Nd7 5. Be3 e5 6. Be2 Ngf6 7. h3 O-O 8. O-O
c6 9. Qd2 Re8 10. dxe5 dxe5 11. Rad1 Qc7 12. Nh4 b5 13. a3 a5 14. b4 axb4 15.
axb4 Bf8 16. Ra1 Qb8 17. Bd3 Bxb4 18. Rfb1 Bc5 19. Ne2 Rxa1 20. Rxa1 Qb6 21.
Bxc5 Nxc5 22. Ng3 Qd8 23. Qg5 Nh5 24. Qxd8 Rxd8 25. Nxh5 gxh5 26. Ra8 Nb7 27.
Rb8 Kf8 28. Be2 Nd6 29. Bxh5 Ke7 30. f3 Be6 31. Rxd8 Kxd8 32. Bg4 Ba2 33. Bf5
h6 34. Bh7 b4 35. f4 Bb1 36. Nf3 Bxc2 37. Nxe5 b3 38. Nxc6+ Kc7 39. e5 Bxh7 0-1

[Event "19. Obert Int. Sant Marti 2017 - B"]
[Site "Barcelona ESP"]
[Date "2017.07.19"]
[Round "7.46"]
[White "Ferre Navarro, Joan"]
[Black "Cespedes, Sandra"]
[Result "0-1"]
[WhiteElo "1587"]
[BlackElo "1814"]
[PlyCount "52"]
[EventDate "2017.07.13"]
[EventType "swiss"]
[EventRounds "9"]
[EventCountry "ESP"]
[SourceTitle "Ajedrez en Madrid"]
[Source "lmi"]
[SourceDate "2017.07.13"]
[SourceVersion "1"]
[SourceVersionDate "2019.06.21"]
[SourceQuality "1"]

1. d4 d5 2. Nf3 Nf6 3. Bf4 e6 4. e3 c5 5. c3 cxd4 6. exd4 Qb6 7. Qb3 Qxb3 8.
axb3 a6 9. Bd3 Nc6 10. Nbd2 Bd7 11. b4 Nh5 12. Bg3 Rc8 13. O-O Be7 14. Rfe1
Nxg3 15. fxg3 O-O 16. Ne5 Nxe5 17. Rxe5 Bf6 18. Re2 Rce8 19. Nf3 Bd8 20. Ne5
Bc8 21. b5 a5 22. Rf1 f6 23. Nf3 e5 24. dxe5 fxe5 25. Rxe5 Rxe5 26. Nxe5 Bb6+
0-1

[Event "19. Obert Int. Sant Marti 2017 - B"]
[Site "Barcelona ESP"]
[Date "2017.07.19"]
[Round "7.47"]
[White "Gibert Juan, Ramon"]
[Black "Gomez Parla, Josep"]
[Result "0-1"]
[WhiteElo "1580"]
[BlackElo "1808"]
[PlyCount "118"]
[EventDate "2017.07.13"]
[EventType "swiss"]
[EventRounds "9"]
[EventCountry "ESP"]
[SourceTitle "Ajedrez en Madrid"]
[Source "lmi"]
[SourceDate "2017.07.13"]
[SourceVersion "1"]
[SourceVersionDate "2019.06.21"]
[SourceQuality "1"]

1. d4 Nf6 2. c4 c5 3. e3 g6 4. Nc3 cxd4 5. exd4 d6 6. Nf3 Bg7 7. h3 O-O 8. Bg5
Nc6 9. Bd3 Qa5 10. O-O Nxd4 11. Bd2 Nxf3+ 12. Qxf3 Qc7 13. Rac1 Bd7 14. Rfe1
Bc6 15. Nd5 Bxd5 16. cxd5 Qd7 17. Ba5 Rac8 18. b3 Rxc1 19. Rxc1 Rc8 20. Re1 Rc5
21. Bb4 Rc7 22. a4 a6 23. Bc4 b5 24. axb5 axb5 25. Bd3 Ra7 26. Qe2 Nxd5 27.
Bxb5 Qb7 28. Bd2 Bc3 29. Bc4 Bxd2 30. Qxd2 Nf6 31. Rd1 Qa8 32. Kh2 Ra2 33. Qf4
Qe4 34. Qxe4 Nxe4 35. f3 Nd2 36. Kg3 Nxc4 37. bxc4 Rc2 38. Re1 Kf8 39. Re4 Ke8
40. h4 h5 41. f4 f5 42. Rd4 Kd7 43. Kf3 Kc6 44. g3 e5 45. fxe5 dxe5 46. Rd8
Rxc4 47. Rg8 Rg4 48. Re8 Kd6 49. Rd8+ Ke7 50. Rd5 Ke6 51. Rd8 g5 52. hxg5 Rxg5
53. Rd2 e4+ 54. Kf4 Rg4+ 55. Ke3 Rxg3+ 56. Kf4 Rf3+ 57. Kg5 Ke5 58. Rh2 e3 59.
Re2 Ke4 0-1

[Event "19. Obert Int. Sant Marti 2017 - B"]
[Site "Barcelona ESP"]
[Date "2017.07.19"]
[Round "7.48"]
[White "Rodriguez Beltran, Fernando"]
[Black "Corominas Garrido, Antonio"]
[Result "0-1"]
[WhiteElo "1553"]
[BlackElo "1803"]
[PlyCount "82"]
[EventDate "2017.07.13"]
[EventType "swiss"]
[EventRounds "9"]
[EventCountry "ESP"]
[SourceTitle "Ajedrez en Madrid"]
[Source "lmi"]
[SourceDate "2017.07.13"]
[SourceVersion "1"]
[SourceVersionDate "2019.06.21"]
[SourceQuality "1"]

1. d4 Nf6 2. c4 e5 3. dxe5 Ng4 4. Bf4 g5 5. Bg3 h5 6. h3 Nh6 7. e3 Nf5 8. Bh2
Nc6 9. Bd3 d6 10. exd6 cxd6 11. Bxf5 Bxf5 12. a3 Bg7 13. Nc3 Qa5 14. Nge2 Ne5
15. O-O Nxc4 16. b4 Qd8 17. Nd4 Qd7 18. Rc1 O-O 19. Nxf5 Qxf5 20. Qxh5 Bxc3 21.
Rxc3 Nd2 22. Rd1 Ne4 23. Rc2 Ng3 24. Bxg3 Qxc2 25. Qxg5+ Qg6 26. Qxg6+ fxg6 27.
Rxd6 Rf7 28. Rxg6+ Kh7 29. Rg4 Rc8 30. a4 Rd7 31. Re4 Kg6 32. a5 a6 33. Re6+
Kf5 34. Rd6 Rc1+ 35. Kh2 Rf7 36. Rd5+ Kg6 37. Bf4 Rb1 38. Rd4 Rb2 39. Rc4 Rxf2
40. Rc7 R2xf4 41. exf4 Rxc7 0-1

[Event "19. Obert Int. Sant Marti 2017 - B"]
[Site "Barcelona ESP"]
[Date "2017.07.19"]
[Round "7.49"]
[White "Torres Julian, Marc"]
[Black "Gabrielsen, Rasmus Arvola"]
[Result "1/2-1/2"]
[WhiteElo "1723"]
[BlackElo "1599"]
[PlyCount "91"]
[EventDate "2017.07.13"]
[EventType "swiss"]
[EventRounds "9"]
[EventCountry "ESP"]
[SourceTitle "Ajedrez en Madrid"]
[Source "lmi"]
[SourceDate "2017.07.13"]
[SourceVersion "1"]
[SourceVersionDate "2019.06.21"]
[SourceQuality "1"]

1. e4 c5 2. c3 Nc6 3. d4 cxd4 4. cxd4 d5 5. exd5 Qxd5 6. Nf3 a6 7. Nc3 Qd6 8.
Bc4 Nf6 9. h3 g6 10. O-O Bg7 11. Be3 O-O 12. Qd2 Rd8 13. Rfd1 e6 14. a4 Nd5 15.
Bh6 Nxc3 16. bxc3 e5 17. Bxg7 Kxg7 18. Qa2 f6 19. dxe5 Qxd1+ 20. Rxd1 Rxd1+ 21.
Kh2 fxe5 22. Qe2 Rd8 23. g4 Re8 24. Qe4 Be6 25. Bd3 Bf7 26. Ng5 Rf8 27. h4 Rad8
28. h5 Bd5 29. Qe2 h6 30. Ne4 Rf4 31. c4 Bxe4 32. Bxe4 Rdf8 33. f3 Nd4 34. Qb2
Nxf3+ 35. Bxf3 Rxf3 36. Qxe5+ R3f6 37. hxg6 Kxg6 38. Qe4+ Kg5 39. Qxb7 Kxg4 40.
Qe4+ Kg5 41. Qe3+ Kg6 42. Qe4+ Kg5 43. Qg2+ Kh5 44. Qe2+ Kg5 45. Qe5+ Kg6 46.
Qe4+ 1/2-1/2

[Event "19. Obert Int. Sant Marti 2017 - B"]
[Site "Barcelona ESP"]
[Date "2017.07.19"]
[Round "7.50"]
[White "Pascual Gonzalez-Novelles, Carles"]
[Black "Pascual Gonzalez-Novelles, David"]
[Result "1-0"]
[WhiteElo "1683"]
[BlackElo "1593"]
[PlyCount "33"]
[EventDate "2017.07.13"]
[EventType "swiss"]
[EventRounds "9"]
[EventCountry "ESP"]
[SourceTitle "Ajedrez en Madrid"]
[Source "lmi"]
[SourceDate "2017.07.13"]
[SourceVersion "1"]
[SourceVersionDate "2019.06.21"]
[SourceQuality "1"]

1. e4 e5 2. Nf3 d6 3. Bc4 Be7 4. c3 c5 5. d4 cxd4 6. cxd4 Bg4 7. dxe5 Be6 8.
Bxe6 fxe6 9. exd6 Bxd6 10. Nc3 Nc6 11. Bg5 Nge7 12. O-O O-O 13. Qb3 Qc8 14. Nb5
Bc5 15. Rac1 Bb6 16. Bxe7 Rf7 17. Nd6 1-0

[Event "19. Obert Int. Sant Marti 2017 - B"]
[Site "Barcelona ESP"]
[Date "2017.07.19"]
[Round "7.51"]
[White "Escofet Llongueras, Joan"]
[Black "Minko, Aleksandr"]
[Result "1-0"]
[WhiteElo "1676"]
[BlackElo "1275"]
[PlyCount "53"]
[EventDate "2017.07.13"]
[EventType "swiss"]
[EventRounds "9"]
[EventCountry "ESP"]
[SourceTitle "Ajedrez en Madrid"]
[Source "lmi"]
[SourceDate "2017.07.13"]
[SourceVersion "1"]
[SourceVersionDate "2019.06.21"]
[SourceQuality "1"]

1. c4 e6 2. Nc3 d5 3. cxd5 exd5 4. d4 Nf6 5. g3 h6 6. Bg2 c6 7. Nf3 Bf5 8. Nh4
Bh7 9. Bh3 Bb4 10. Nf5 O-O 11. O-O Qd7 12. Nxh6+ gxh6 13. Bxd7 Nbxd7 14. Bxh6
Rfe8 15. a3 Bxc3 16. bxc3 Ne4 17. Rc1 Nb6 18. f3 Nd6 19. Qd2 Re6 20. Bf4 Nbc4
21. Qa2 Rae8 22. Rfe1 Nb5 23. a4 Nbd6 24. Bxd6 Rxd6 25. e4 Nb6 26. e5 Rg6 27.
f4 1-0

[Event "19. Obert Int. Sant Marti 2017 - B"]
[Site "Barcelona ESP"]
[Date "2017.07.19"]
[Round "7.52"]
[White "Martin Arranz, Lluis"]
[Black "Febrero Perez, Lluis"]
[Result "0-1"]
[WhiteElo "1669"]
[BlackElo "1488"]
[PlyCount "74"]
[EventDate "2017.07.13"]
[EventType "swiss"]
[EventRounds "9"]
[EventCountry "ESP"]
[SourceTitle "Ajedrez en Madrid"]
[Source "lmi"]
[SourceDate "2017.07.13"]
[SourceVersion "1"]
[SourceVersionDate "2019.06.21"]
[SourceQuality "1"]

1. e4 e5 2. Nf3 Nc6 3. Bb5 Nge7 4. c3 g6 5. d3 Bg7 6. O-O O-O 7. Re1 d6 8. Nbd2
a6 9. Ba4 b5 10. Bb3 Na5 11. Bc2 c5 12. Nf1 Bb7 13. Ng3 d5 14. Qe2 d4 15. cxd4
cxd4 16. b4 Nac6 17. a3 Rc8 18. Bg5 Rc7 19. Rac1 Qd6 20. Qd2 Rfc8 21. Bb3 a5
22. Bh6 axb4 23. Bxg7 Kxg7 24. Ng5 Nd8 25. Rxc7 Rxc7 26. axb4 Rc3 27. Qa2 f6
28. Nf7 Nxf7 29. Bxf7 Qxb4 30. Be8 Rb3 31. Qa7 Qxe1+ 32. Nf1 Rb1 33. h3 Qxf1+
34. Kh2 Qh1+ 35. Kg3 Nf5+ 36. exf5 Qxg2+ 37. Kh4 Qg5# 0-1

[Event "19. Obert Int. Sant Marti 2017 - B"]
[Site "Barcelona ESP"]
[Date "2017.07.19"]
[Round "7.53"]
[White "Jimenez Molina, Victor"]
[Black "Pascual Duran, Pau"]
[Result "1-0"]
[WhiteElo "1646"]
[BlackElo "1491"]
[PlyCount "43"]
[EventDate "2017.07.13"]
[EventType "swiss"]
[EventRounds "9"]
[EventCountry "ESP"]
[SourceTitle "Ajedrez en Madrid"]
[Source "lmi"]
[SourceDate "2017.07.13"]
[SourceVersion "1"]
[SourceVersionDate "2019.06.21"]
[SourceQuality "1"]

1. e4 e6 2. d4 d5 3. Nd2 c5 4. Ngf3 Nf6 5. e5 Nfd7 6. c3 Nc6 7. Bd3 cxd4 8.
cxd4 Qb6 9. O-O Nxd4 10. Nxd4 Qxd4 11. Nf3 Qb6 12. Qa4 Be7 13. Be3 Qd8 14. Qg4
Kf8 15. Rac1 b6 16. Rfe1 Bb7 17. Bg5 Bxg5 18. Nxg5 h5 19. Qf4 Nxe5 20. Nxe6+
Kg8 21. Nxd8 Nxd3 22. Qxf7+ 1-0

[Event "19. Obert Int. Sant Marti 2017 - B"]
[Site "Barcelona ESP"]
[Date "2017.07.19"]
[Round "7.54"]
[White "Serentill Tost, Eduard"]
[Black "Mahi, Amit Doshi"]
[Result "1/2-1/2"]
[WhiteElo "1639"]
[BlackElo "1268"]
[PlyCount "48"]
[EventDate "2017.07.13"]
[EventType "swiss"]
[EventRounds "9"]
[EventCountry "ESP"]
[SourceTitle "Ajedrez en Madrid"]
[Source "lmi"]
[SourceDate "2017.07.13"]
[SourceVersion "1"]
[SourceVersionDate "2019.06.21"]
[SourceQuality "1"]

1. e4 c5 2. Nf3 d6 3. d4 cxd4 4. Nxd4 Nf6 5. Nc3 g6 6. Be2 Bg7 7. Be3 Nc6 8.
O-O O-O 9. h3 Bd7 10. Qd2 Nxd4 11. Bxd4 Bc6 12. Bf3 Rc8 13. Be3 Qc7 14. Bh6 Qb6
15. Bxg7 Kxg7 16. b3 Qa5 17. Rfd1 Bd7 18. Nd5 Qxd2 19. Rxd2 Nxd5 20. exd5 Rc3
21. Re1 Kf6 22. Rde2 Re8 23. Be4 Bb5 24. Rd2 Rec8 1/2-1/2

[Event "19. Obert Int. Sant Marti 2017 - B"]
[Site "Barcelona ESP"]
[Date "2017.07.19"]
[Round "7.56"]
[White "Rodriguez Batuecas, Jordi"]
[Black "Flemming, Klaus"]
[Result "1/2-1/2"]
[WhiteElo "1551"]
[BlackElo "1766"]
[PlyCount "88"]
[EventDate "2017.07.13"]
[EventType "swiss"]
[EventRounds "9"]
[EventCountry "ESP"]
[SourceTitle "Ajedrez en Madrid"]
[Source "lmi"]
[SourceDate "2017.07.13"]
[SourceVersion "1"]
[SourceVersionDate "2019.06.21"]
[SourceQuality "1"]

1. e4 e6 2. d4 d5 3. exd5 exd5 4. Nf3 Bd6 5. Be2 Ne7 6. Be3 Bf5 7. O-O O-O 8.
Qd2 c6 9. c3 Nd7 10. Bf4 Qc7 11. Bxd6 Qxd6 12. Na3 Ng6 13. Rfe1 Rfe8 14. Bf1
Bg4 15. Rxe8+ Rxe8 16. Re1 Re6 17. Rxe6 fxe6 18. Qe3 Qf4 19. Bd3 Qxe3 20. fxe3
Ne7 21. Kf2 Bxf3 22. Kxf3 e5 23. e4 g6 24. exd5 exd4 25. dxc6 Nxc6 26. Bb5 dxc3
27. Bxc6 bxc6 28. bxc3 Kf7 29. Nc4 Ke6 30. Ke4 c5 31. Ne3 Nf6+ 32. Kf4 Nd5+ 33.
Nxd5 Kxd5 34. Ke3 Kc4 35. Kd2 a5 36. Kc2 a4 37. Kd2 Kd5 38. Kd3 c4+ 39. Ke3 Ke5
40. g4 g5 41. h3 a3 42. Kf3 Kd5 43. Ke3 Ke5 44. Kf3 Kd5 1/2-1/2

[Event "19. Obert Int. Sant Marti 2017 - B"]
[Site "Barcelona ESP"]
[Date "2017.07.19"]
[Round "7.57"]
[White "Codina Blasco, Joan"]
[Black "Riera Mestres, Josep"]
[Result "0-1"]
[WhiteElo "1722"]
[BlackElo "1579"]
[PlyCount "138"]
[EventDate "2017.07.13"]
[EventType "swiss"]
[EventRounds "9"]
[EventCountry "ESP"]
[SourceTitle "Ajedrez en Madrid"]
[Source "lmi"]
[SourceDate "2017.07.13"]
[SourceVersion "1"]
[SourceVersionDate "2019.06.21"]
[SourceQuality "1"]

1. e4 g6 2. d4 Bg7 3. Nc3 d6 4. Nf3 Nf6 5. Be2 O-O 6. Be3 a6 7. Qd2 Ng4 8. Bf4
e5 9. dxe5 dxe5 10. Qxd8 Rxd8 11. Bg3 Nc6 12. h3 Nh6 13. Nd5 Rd7 14. O-O-O b5
15. Kb1 f6 16. Rd2 Ne7 17. c4 c6 18. Nxe7+ Rxe7 19. Rhd1 Nf7 20. c5 Kf8 21. Ne1
Ke8 22. Nc2 a5 23. h4 h5 24. f3 Be6 25. Bf2 Rd7 26. Rxd7 Bxd7 27. Ne3 Rd8 28.
g4 hxg4 29. fxg4 Ke7 30. h5 gxh5 31. gxh5 Ng5 32. Rg1 Kf7 33. Bd3 Nh3 34. Rf1
Nf4 35. Bc2 Nxh5 36. Bh4 Nf4 37. Bb3+ Be6 38. Bxe6+ Nxe6 39. Ng4 Nf4 40. Bg3
Ke6 41. Bxf4 exf4 42. Rxf4 Rd2 43. Rf5 Re2 44. Nf2 Bh6 45. Rf3 Re1+ 46. Kc2
Rc1+ 47. Kb3 Rxc5 48. Rd3 a4+ 49. Kb4 Bf8 50. Ka5 Rc2 51. Nd1 Rc4 52. Nc3 Bb4+
53. Kb6 Bxc3 54. bxc3 Ke5 55. a3 Kxe4 56. Rh3 f5 57. Rh6 Rxc3 58. Re6+ Kf3 59.
Rxc6 Rxc6+ 60. Kxc6 Ke3 61. Kxb5 f4 62. Kxa4 f3 63. Kb5 f2 64. a4 f1=Q+ 65. Kb6
Qb1+ 66. Ka6 Kd4 67. a5 Kc5 68. Ka7 Kb5 69. a6 Qh7+ 0-1

[Event "19. Obert Int. Sant Marti 2017 - B"]
[Site "Barcelona ESP"]
[Date "2017.07.19"]
[Round "7.58"]
[White "Guinjoan Fradera, Joan"]
[Black "Catala Ulied, Guillem"]
[Result "0-1"]
[WhiteElo "1531"]
[BlackElo "1693"]
[PlyCount "116"]
[EventDate "2017.07.13"]
[EventType "swiss"]
[EventRounds "9"]
[EventCountry "ESP"]
[SourceTitle "Ajedrez en Madrid"]
[Source "lmi"]
[SourceDate "2017.07.13"]
[SourceVersion "1"]
[SourceVersionDate "2019.06.21"]
[SourceQuality "1"]

1. e4 c5 2. Nf3 d6 3. Bb5+ Bd7 4. Bxd7+ Nxd7 5. O-O Ngf6 6. d3 g6 7. Bg5 Bg7 8.
Qd2 O-O 9. c3 b5 10. Bh6 Re8 11. Bxg7 Kxg7 12. b4 Qc7 13. Re1 Qb7 14. h3 Rec8
15. Qe3 e6 16. e5 dxe5 17. Nxe5 cxb4 18. cxb4 Nxe5 19. Qxe5 Qd5 20. Nd2 Qxe5
21. Rxe5 Nd5 22. a3 Rc3 23. d4 Rd3 24. Nf3 Rc8 25. a4 a6 26. axb5 axb5 27. Ra5
Nxb4 28. Raxb5 Nd5 29. Rb7 Rc7 30. Rxc7 Nxc7 31. Rc5 Nd5 32. Rb5 Kf6 33. Rb7
Nf4 34. Rb2 Nxh3+ 35. gxh3 Rxf3 36. Kg2 Rd3 37. Rb4 h5 38. f3 Kf5 39. Rb7 f6
40. Rb4 g5 41. Kg3 g4 42. hxg4+ hxg4 43. Rb5+ e5 44. d5 Rxf3+ 45. Kg2 Rd3 46.
Ra5 Kg5 47. Rb5 Kh4 48. Rb6 Rxd5 49. Rxf6 Rd2+ 50. Kg1 Kg3 51. Rf1 e4 52. Re1
Rd3 53. Kf1 Kf3 54. Kg1 e3 55. Kf1 e2+ 56. Rxe2 Rd1+ 57. Re1 Rxe1+ 58. Kxe1 Kg2
0-1